000 00610nam a2200193 i 4500
001 37843
003 ES-MaACL
005 20250901090233.0
007 t|
008 030224s1971 sp ||||1| spa d
100 1 _aCaffey, John.
_933418
245 1 0 _aRadiología pediátrica /
_cJohn Caffey ; con la colaboración de Frederic N. Silverman.
260 _aBarcelona, etc. :
_bSalvat,
_c[1971]
300 _aXX, 1173 p. :
_bil. ;
_c27 cm.
650 7 _aRadiología pediátrica
_2embne
_9165570
700 1 _aSilverman, Frederic N.
_9106433
852 _aES-MaACL
_jC-37296
_bR.76092
999 _c37843
_d37843